|
|
|
|
| LEADER |
00000nam0a2200000 4500 |
| 001 |
682707 |
| 005 |
20251205134407.0 |
| 010 |
|
|
|a 978-5-6048401-8-4
|
| 090 |
|
|
|a 682707
|
| 100 |
|
|
|a 20251030d2025 km|y0rusy50 ca
|
| 101 |
0 |
|
|a rus
|
| 102 |
|
|
|a RU
|
| 105 |
|
|
|a y e 001yy
|
| 181 |
|
0 |
|a i
|b e
|
| 182 |
|
0 |
|a n
|
| 183 |
|
0 |
|a nc
|2 RDAcarrier
|
| 200 |
1 |
|
|a Транспортное планирование
|e терминологический словарь
|f М. Р. Якимов
|
| 203 |
|
|
|a Текст
|b визуальный
|c непосредственный
|
| 205 |
|
|
|a 2-е изд.
|
| 210 |
|
|
|a Москва
|c РАДАР
|d 2025
|
| 215 |
|
|
|a 90 с.
|
| 283 |
|
|
|a volume
|2 RDAcarrier
|
| 320 |
|
|
|a Источники: с. 87-89
|
| 330 |
|
|
|a В словаре даются определения основных терминов и понятий, связанных с транспортным планированием, формированием эффективных транспортных систем страны, ее регионов и городов. Цель издания - раскрыть суть и содержание основных категорий данной тематики, помочь читателю сориентироваться в многообразии понятий и терминов, используемых при решении задач транспортного планирования, организации дорожного движения, транспортного обслуживания и парковочной политики. Словарные статьи будут полезны читателям в процессе нормотворчества, разработке методических указаний и рекомендаций в области транспортного планирования и транспортного моделирования. Издание предназначено для специалистов транспортных администраций, работающих в органах исполнительной власти различных уровней, практикующих специалистов в области транспортного планирования, организации дорожного движения, транспортного моделирования, работников проектных и консалтинговых организаций, студентов, аспирантов и преподавателей транспортных вузов и транспортных специальностей.
|
| 606 |
|
|
|a Транспортное планирование
|9 89023
|
| 610 |
1 |
|
|a Россия
|
| 610 |
1 |
|
|a эффективные транспортные системы
|
| 610 |
1 |
|
|a формирование
|
| 610 |
1 |
|
|a дорожное движение
|
| 610 |
1 |
|
|a транспортное обслуживание
|
| 610 |
1 |
|
|a парковочная политика
|
| 610 |
1 |
|
|a термины
|
| 610 |
1 |
|
|a понятия
|
| 610 |
1 |
|
|a терминологические словари
|
| 675 |
|
|
|a 656
|v 4
|
| 700 |
|
1 |
|a Якимов
|b М. Р.
|g Михаил Ростиславович
|
| 801 |
|
0 |
|a RU
|b 63413507
|c 20251105
|
| 942 |
|
|
|c BK
|